| 000 | 01029cam a22003257a 4500 | ||
|---|---|---|---|
| 003 | CHAP | ||
| 005 | 20220329135832.0 | ||
| 008 | 971013s r 00010 d | ||
| 010 | _a43016 | ||
| 011 | _a43988 | ||
| 035 | _a48126 | ||
| 040 | _cCHAP | ||
| 090 | _aFolleto 9022 | ||
| 100 | 0 | 0 |
_aSabau García, Hernán. _9101097 |
| 245 | 1 | 4 | _aLos fundamentos de la inferencia económetrica |
| 260 |
_aMéxico. D.F. : _bCIDE, _c(198?) |
||
| 300 | _a7 p. | ||
| 490 | 0 |
_aEconomics. Working paper _v; 8201-A |
|
| 590 |
_aBATCH-UPD _b10 _c20130110 _lUCH01 _h1611 |
||
| 590 |
_aBATCH-UPD _b10 _c20130410 _lUCH01 _h1006 |
||
| 590 |
_aBATCH-UPD _b10 _c20130914 _lUCH01 _h1257 |
||
| 590 |
_aCONVERSION _b10 _c20130109 _lUCH01 _h1324 |
||
| 650 | 1 | 4 |
_aEconometría. _935201 |
| 650 | 1 | 4 |
_aInferencia estadística. _958062 |
| 830 | 0 |
_aEconomics. Working paper _v; 8201-A _935222 |
|
| 901 | _aBK | ||
| 942 | _cFOLL | ||
| 949 |
_aFolleto 9022 _bBC _cFOLL _d-109247 _eTS1 _gI.c/e _i48126 _si |
||
| 949 |
_aFolleto 9022 _bBC _cFOLL _d-109248 _eTS2 _i48126 _si |
||
| 999 |
_c43016 _d43016 |
||